[Event "DVM U14w 2016"]
[Site "Düsseldorf GER"]
[Date "2016.12.28"]
[Round "3"]
[White "Berelowitsch, Dana"]
[Black "Fritsch, Lea"]
[Result "1-0"]
[Termination "normal"]
[Board "1.2"]
[WhiteElo "1458"]
[BlackElo "1428"]
[WhiteClock "00:56:51"]
[BlackClock "01:08:55"]
[WhiteTeam "SG Solingen"]
[BlackTeam "USV Halle"]
[PlyCount "43"]
[WhiteFideId "12977144"]
[BlackFideId "16212436"]
[EventCountry "GER"]
[EventRounds "7"]
[EventType "team-swiss"]
[EventDate "2016.12.26"]

1. e4 {[%clk 1:30:58]} c5 {[%clk 1:30:59]} 2. Nf3 {[%clk 1:31:20]} Nc6 {[%clk
1:31:25]} 3. d4 {[%clk 1:31:43]} cxd4 {[%clk 1:31:50]} 4. Nxd4 {[%clk 1:32:09]}
Nf6 {[%clk 1:32:14]} 5. Nc3 {[%clk 1:32:32]} d6 {[%clk 1:32:31]} 6. Bg5 {[%clk
1:32:43]} e6 {[%clk 1:32:11]} 7. Qd2 {[%clk 1:32:53]} Be7 {[%clk 1:32:28]} 8.
O-O-O {[%clk 1:33:09]} O-O {[%clk 1:32:24]} 9. f4 {[%clk 1:33:10]} Qa5 {[%clk
1:29:19]} 10. Nb3 {[%clk 1:29:52]} Qd8 {[%clk 1:27:01]} 11. Bxf6 {[%clk
1:27:59]} Bxf6 {[%clk 1:27:15]} 12. Qxd6 {[%clk 1:25:56]} Qb6 {[%clk 1:23:14]}
13. g4 {[%clk 1:13:37]} Bxc3 {[%clk 1:22:08]} 14. bxc3 {[%clk 1:13:30]} Qe3+
{[%clk 1:22:11]} 15. Kb2 {[%clk 1:10:40]} Qxe4 {[%clk 1:22:15]} 16. Bd3 {[%clk
1:10:30]} Qe3 {[%clk 1:17:01]} 17. Bxh7+ {[%clk 1:06:25]} Kxh7 {[%clk 1:16:13]}
18. Qxf8 {[%clk 1:06:36]} Qxf4 {[%clk 1:10:37]} 19. Rdf1 {[%clk 1:05:08]} Qg5
{[%clk 1:10:29]} 20. h4 {[%clk 1:00:06]} Qg6 {[%clk 1:10:28]} 21. h5 {[%clk
0:58:32]} Qg5 {[%clk 1:08:55]} 22. h6 {[%clk 0:56:51]} 1-0

[Event "DVM U14w 2016"]
[Site "Düsseldorf GER"]
[Date "2016.12.28"]
[Round "3"]
[White "Stowicek, Yara Mathilda"]
[Black "Kublanov, Elizabeth"]
[Result "1/2-1/2"]
[Termination "normal"]
[Board "1.3"]
[WhiteElo "1446"]
[BlackElo "1505"]
[WhiteClock "00:40:08"]
[BlackClock "00:03:01"]
[WhiteTeam "USV Halle"]
[BlackTeam "SG Solingen"]
[PlyCount "78"]
[WhiteFideId "16203569"]
[BlackFideId "12944564"]
[EventCountry "GER"]
[EventRounds "7"]
[EventType "team-swiss"]
[EventDate "2016.12.26"]

1. e4 {[%clk 1:30:56]} e5 {[%clk 1:30:52]} 2. Nf3 {[%clk 1:31:21]} Nc6 {[%clk
1:31:14]} 3. Bc4 {[%clk 1:31:45]} Bc5 {[%clk 1:31:31]} 4. c3 {[%clk 1:32:04]}
Nf6 {[%clk 1:31:45]} 5. d4 {[%clk 1:32:09]} exd4 {[%clk 1:31:40]} 6. cxd4
{[%clk 1:32:31]} Bb4+ {[%clk 1:31:52]} 7. Bd2 {[%clk 1:32:46]} Bxd2+ {[%clk
1:23:02]} 8. Nbxd2 {[%clk 1:33:04]} O-O {[%clk 1:19:28]} 9. O-O {[%clk
1:31:50]} d6 {[%clk 1:18:52]} 10. h3 {[%clk 1:23:47]} Nh5 {[%clk 1:14:03]} 11.
Rc1 {[%clk 1:19:59]} Nf4 {[%clk 1:12:56]} 12. Rc3 {[%clk 1:17:36]} Qf6 {[%clk
1:10:21]} 13. Nb3 {[%clk 1:16:45]} Qg6 {[%clk 1:08:16]} 14. Nh4 {[%clk
1:14:37]} Qg5 {[%clk 1:06:28]} 15. g3 {[%clk 1:12:54]} Nxh3+ {[%clk 1:03:12]}
16. Kh2 {[%clk 1:12:19]} Nf4 {[%clk 0:56:36]} 17. Qd2 {[%clk 1:06:10]} Nh3
{[%clk 0:46:18]} 18. f4 {[%clk 1:04:23]} Qh6 {[%clk 0:41:16]} 19. Rff3 {[%clk
1:00:46]} Bg4 {[%clk 0:29:48]} 20. Rfe3 {[%clk 1:00:54]} g5 {[%clk 0:29:03]}
21. fxg5 {[%clk 0:57:18]} Nxg5 {[%clk 0:27:53]} 22. Kg2 {[%clk 0:55:49]} Kh8
{[%clk 0:26:06]} 23. Be2 {[%clk 0:54:28]} f5 {[%clk 0:19:45]} 24. exf5 {[%clk
0:53:29]} Bxf5 {[%clk 0:19:00]} 25. Nxf5 {[%clk 0:51:47]} Qh3+ {[%clk 0:16:47]}
26. Kg1 {[%clk 0:51:24]} Qxf5 {[%clk 0:16:16]} 27. Qe1 {[%clk 0:49:35]} Rae8
{[%clk 0:13:12]} 28. Rxe8 {[%clk 0:48:18]} Rxe8 {[%clk 0:13:20]} 29. Qf1 {[%clk
0:48:26]} Qxf1+ {[%clk 0:07:53]} 30. Bxf1 {[%clk 0:48:42]} Rg8 {[%clk 0:06:25]}
31. Bg2 {[%clk 0:43:59]} Ne6 {[%clk 0:03:30]} 32. d5 {[%clk 0:43:59]} Ned4
{[%clk 0:03:43]} 33. Nxd4 {[%clk 0:40:59]} Nxd4 {[%clk 0:04:11]} 34. Rxc7
{[%clk 0:41:17]} Rxg3 {[%clk 0:03:47]} 35. Rxb7 {[%clk 0:40:41]} Rg7 {[%clk
0:03:52]} 36. Rb8+ {[%clk 0:39:44]} Rg8 {[%clk 0:03:20]} 37. Rb7 {[%clk
0:39:59]} Rg7 {[%clk 0:02:32]} 38. Rb8+ {[%clk 0:40:20]} Rg8 {[%clk 0:02:45]}
39. Rb7 {[%clk 0:40:08]} Rg7 {[%clk 0:03:01]} 1/2-1/2

[Event "DVM U14w 2016"]
[Site "Düsseldorf GER"]
[Date "2016.12.28"]
[Round "3"]
[White "Bashylina, Luisa"]
[Black "Delgado, Celina"]
[Result "0-1"]
[Termination "normal"]
[Board "1.4"]
[WhiteElo "1550"]
[BlackElo "1398"]
[WhiteClock "00:52:41"]
[BlackClock "00:20:37"]
[WhiteTeam "SG Solingen"]
[BlackTeam "USV Halle"]
[PlyCount "118"]
[WhiteFideId "12983292"]
[BlackFideId "12993735"]
[EventCountry "GER"]
[EventRounds "7"]
[EventType "team-swiss"]
[EventDate "2016.12.26"]

1. e4 {[%clk 1:30:56]} e5 {[%clk 1:30:54]} 2. Nf3 {[%clk 1:31:20]} Nc6 {[%clk
1:31:16]} 3. d4 {[%clk 1:31:46]} exd4 {[%clk 1:31:38]} 4. Nxd4 {[%clk 1:32:11]}
Nf6 {[%clk 1:31:55]} 5. Nxc6 {[%clk 1:32:11]} bxc6 {[%clk 1:31:22]} 6. Bd3
{[%clk 1:32:22]} Be7 {[%clk 1:30:48]} 7. O-O {[%clk 1:32:23]} O-O {[%clk
1:30:48]} 8. Nc3 {[%clk 1:32:04]} d5 {[%clk 1:28:07]} 9. e5 {[%clk 1:31:22]}
Nd7 {[%clk 1:19:12]} 10. f4 {[%clk 1:29:35]} Re8 {[%clk 1:11:05]} 11. Qf3
{[%clk 1:26:04]} f6 {[%clk 1:04:29]} 12. Qh3 {[%clk 1:11:33]} Nf8 {[%clk
0:55:36]} 13. Qg3 {[%clk 1:10:02]} fxe5 {[%clk 0:40:16]} 14. fxe5 {[%clk
1:09:02]} Ne6 {[%clk 0:31:09]} 15. Bd2 {[%clk 1:05:22]} Bh4 {[%clk 0:25:28]}
16. Qf3 {[%clk 1:00:04]} Rf8 {[%clk 0:22:03]} 17. Qe2 {[%clk 0:56:53]} Rxf1+
{[%clk 0:18:33]} 18. Rxf1 {[%clk 0:57:03]} Nc5 {[%clk 0:17:27]} 19. Qf3 {[%clk
0:54:51]} Be6 {[%clk 0:15:11]} 20. Bf5 {[%clk 0:53:51]} Bxf5 {[%clk 0:14:20]}
21. Qxf5 {[%clk 0:53:52]} Qf8 {[%clk 0:10:11]} 22. Qh5 {[%clk 0:53:24]} Bf2+
{[%clk 0:07:42]} 23. Rxf2 {[%clk 0:53:31]} Qe8 {[%clk 0:06:46]} 24. Qg5 {[%clk
0:51:33]} d4 {[%clk 0:06:17]} 25. Re2 {[%clk 0:40:05]} dxc3 {[%clk 0:05:57]}
26. Bxc3 {[%clk 0:40:24]} Qe6 {[%clk 0:04:53]} 27. b3 {[%clk 0:39:26]} Re8
{[%clk 0:03:56]} 28. Bd4 {[%clk 0:38:40]} Qd5 {[%clk 0:03:18]} 29. c3 {[%clk
0:35:16]} Ne6 {[%clk 0:02:39]} 30. Qg4 {[%clk 0:34:15]} c5 {[%clk 0:01:40]} 31.
Be3 {[%clk 0:32:29]} Qd1+ {[%clk 0:00:58]} 32. Kf2 {[%clk 0:32:50]} Rf8+ {[%clk
0:00:46]} 33. Kg3 {[%clk 0:32:52]} Qd5 {[%clk 0:00:46]} 34. Bd2 {[%clk
0:29:00]} Qd3+ {[%clk 0:00:41]} 35. Re3 {[%clk 0:28:18]} Qd5 {[%clk 0:00:39]}
36. c4 {[%clk 0:26:32]} Qxd2 {[%clk 0:00:37]} 37. Qxe6+ {[%clk 0:26:53]} Kh8
{[%clk 0:00:34]} 38. Rf3 {[%clk 0:26:09]} Qg5+ {[%clk 0:00:43]} 39. Qg4 {[%clk
0:24:39]} Qxe5+ {[%clk 0:00:47]} 40. Kh3 {[%clk 0:24:53]} Rxf3+ {[%clk
0:00:52]} 41. gxf3 {[%clk 0:23:55]} g6 {[%clk 0:26:25]} 42. Qc8+ {[%clk
0:53:52]} Kg7 {[%clk 0:26:24]} 43. Qd7+ {[%clk 0:54:06]} Kh6 {[%clk 0:24:31]}
44. Qd5 {[%clk 0:52:34]} Qxd5 {[%clk 0:21:15]} 45. cxd5 {[%clk 0:52:55]} Kg5
{[%clk 0:21:30]} 46. Kg3 {[%clk 0:52:47]} Kf5 {[%clk 0:21:18]} 47. Kh4 {[%clk
0:52:52]} Kf4 {[%clk 0:20:31]} 48. h3 {[%clk 0:52:19]} h6 {[%clk 0:19:31]} 49.
a3 {[%clk 0:50:41]} Kxf3 {[%clk 0:19:31]} 50. b4 {[%clk 0:50:48]} c4 {[%clk
0:18:44]} 51. b5 {[%clk 0:51:06]} c3 {[%clk 0:19:06]} 52. b6 {[%clk 0:51:32]}
axb6 {[%clk 0:19:22]} 53. d6 {[%clk 0:51:48]} cxd6 {[%clk 0:19:28]} 54. a4
{[%clk 0:52:14]} Ke3 {[%clk 0:19:37]} 55. a5 {[%clk 0:51:36]} bxa5 {[%clk
0:19:56]} 56. Kg3 {[%clk 0:51:54]} c2 {[%clk 0:20:17]} 57. h4 {[%clk 0:52:14]}
c1=Q {[%clk 0:20:34]} 58. h5 {[%clk 0:52:35]} Qg1+ {[%clk 0:20:37]} 59. Kh3
{[%clk 0:52:41]} Kd4 0-1

[Event "DVM U14w 2016"]
[Site "Düsseldorf GER"]
[Date "2016.12.28"]
[Round "3"]
[White "Rosenhain, Rachela"]
[Black "Ehmann, Johanna"]
[Result "1-0"]
[Termination "normal"]
[Board "2.1"]
[WhiteElo "1864"]
[BlackElo "1686"]
[WhiteClock "01:02:02"]
[BlackClock "00:31:43"]
[WhiteTeam "Schachpinguine Berlin"]
[BlackTeam "SF Sasbach"]
[PlyCount "113"]
[WhiteFideId "12957615"]
[BlackFideId "12953130"]
[EventCountry "GER"]
[EventRounds "7"]
[EventType "team-swiss"]
[EventDate "2016.12.26"]

1. d4 {[%clk 1:30:57]} d5 {[%clk 1:30:54]} 2. c4 {[%clk 1:31:23]} e6 {[%clk
1:31:18]} 3. Nc3 {[%clk 1:31:48]} c5 {[%clk 1:31:33]} 4. cxd5 {[%clk 1:31:52]}
cxd4 {[%clk 1:31:49]} 5. Qxd4 {[%clk 1:32:12]} Nc6 {[%clk 1:32:00]} 6. Qd2
{[%clk 1:29:42]} exd5 {[%clk 1:31:18]} 7. Qxd5 {[%clk 1:27:32]} Be6 {[%clk
1:31:20]} 8. Qxd8+ {[%clk 1:25:42]} Rxd8 {[%clk 1:31:40]} 9. Bd2 {[%clk
1:25:09]} Nb4 {[%clk 1:27:54]} 10. Rc1 {[%clk 1:24:38]} Nxa2 {[%clk 1:23:18]}
11. Nxa2 {[%clk 1:24:10]} Bxa2 {[%clk 1:23:38]} 12. e3 {[%clk 1:21:49]} a6
{[%clk 1:20:26]} 13. Be2 {[%clk 1:16:48]} Nf6 {[%clk 1:16:09]} 14. Bf3 {[%clk
1:14:46]} Bd5 {[%clk 1:10:19]} 15. Bxd5 {[%clk 1:12:47]} Nxd5 {[%clk 1:10:24]}
16. Nf3 {[%clk 1:08:03]} Bb4 {[%clk 1:08:12]} 17. Bxb4 {[%clk 1:08:04]} Nxb4
{[%clk 1:08:34]} 18. Ke2 {[%clk 1:08:06]} O-O {[%clk 1:06:58]} 19. Nd4 {[%clk
1:07:19]} Rc8 {[%clk 1:00:25]} 20. Nf5 {[%clk 1:03:24]} Rxc1 {[%clk 0:55:21]}
21. Rxc1 {[%clk 1:03:44]} Nc6 {[%clk 0:51:12]} 22. Nd6 {[%clk 1:03:08]} Na5
{[%clk 0:44:32]} 23. Rc7 {[%clk 1:02:14]} b5 {[%clk 0:41:43]} 24. Ra7 {[%clk
1:01:41]} Nc4 {[%clk 0:40:02]} 25. Nxc4 {[%clk 1:01:36]} bxc4 {[%clk 0:40:26]}
26. Rxa6 {[%clk 1:02:02]} Rb8 {[%clk 0:37:57]} 27. Kd1 {[%clk 1:02:20]} Kf8
{[%clk 0:37:49]} 28. Kc2 {[%clk 1:02:45]} Ke7 {[%clk 0:37:53]} 29. Ra4 {[%clk
1:02:47]} Rc8 {[%clk 0:37:43]} 30. Kc3 {[%clk 1:03:13]} Rd8 {[%clk 0:37:34]}
31. Rxc4 {[%clk 1:03:19]} Rd1 {[%clk 0:37:54]} 32. Re4+ {[%clk 1:00:10]} Kf6
{[%clk 0:38:03]} 33. b4 {[%clk 0:59:26]} Rc1+ {[%clk 0:37:39]} 34. Kb3 {[%clk
0:58:34]} Kf5 {[%clk 0:37:26]} 35. Rf4+ {[%clk 0:58:51]} Ke6 36. b5 {[%clk
0:58:20]} Rb1+ {[%clk 0:35:56]} 37. Ka4 {[%clk 0:57:18]} g5 {[%clk 0:31:49]}
38. Rb4 {[%clk 0:57:25]} Ra1+ {[%clk 0:31:13]} 39. Kb3 {[%clk 0:57:50]} Rb1+
{[%clk 0:30:29]} 40. Kc3 {[%clk 0:58:14]} Rc1+ {[%clk 0:30:25]} 41. Kb2 {[%clk
0:58:21]} Rf1 {[%clk 0:28:46]} 42. b6 {[%clk 0:58:05]} Rxf2+ {[%clk 0:28:55]}
43. Ka3 {[%clk 0:58:28]} Rd2 {[%clk 0:27:47]} 44. b7 {[%clk 0:58:41]} Rd3+
{[%clk 0:28:05]} 45. Rb3 {[%clk 0:58:58]} Rd8 {[%clk 0:28:15]} 46. b8=Q {[%clk
0:59:21]} Rxb8 {[%clk 0:28:41]} 47. Rxb8 {[%clk 0:59:45]} Ke5 {[%clk 0:29:08]}
48. Rb4 {[%clk 1:00:04]} f5 {[%clk 0:29:30]} 49. g3 {[%clk 1:00:25]} h5 {[%clk
0:29:50]} 50. Kb3 {[%clk 1:00:47]} Kf6 {[%clk 0:30:00]} 51. Kc3 {[%clk
1:01:02]} g4 {[%clk 0:30:25]} 52. Rf4 {[%clk 1:00:48]} Kg5 {[%clk 0:30:42]} 53.
Kd4 {[%clk 1:00:27]} h4 {[%clk 0:31:02]} 54. gxh4+ {[%clk 1:00:53]} Kxh4 {[%clk
0:31:26]} 55. Rxf5 {[%clk 1:01:13]} Kh3 {[%clk 0:31:42]} 56. Rg5 {[%clk
1:01:37]} Kxh2 {[%clk 0:31:43]} 57. Rxg4 {[%clk 1:02:02]} 1-0

[Event "DVM U14w 2016"]
[Site "Düsseldorf GER"]
[Date "2016.12.28"]
[Round "3"]
[White "Grey, Andrea"]
[Black "Schneider, Katharina"]
[Result "1/2-1/2"]
[Termination "normal"]
[Board "2.3"]
[WhiteElo "1428"]
[BlackElo "1517"]
[WhiteClock "00:07:37"]
[BlackClock "00:16:10"]
[WhiteTeam "Schachpinguine Berlin"]
[BlackTeam "SF Sasbach"]
[PlyCount "121"]
[WhiteFideId "12971880"]
[BlackFideId "16200519"]
[EventCountry "GER"]
[EventRounds "7"]
[EventType "team-swiss"]
[EventDate "2016.12.26"]

1. c4 {[%clk 1:30:57]} c6 {[%clk 1:30:39]} 2. Nc3 {[%clk 1:31:07]} Nf6 {[%clk
1:30:49]} 3. d4 {[%clk 1:30:23]} d5 {[%clk 1:30:36]} 4. e3 {[%clk 1:29:27]} Bf5
{[%clk 1:29:02]} 5. b3 {[%clk 1:26:59]} e6 {[%clk 1:27:37]} 6. a3 {[%clk
1:25:43]} c5 {[%clk 1:21:05]} 7. Nf3 {[%clk 1:20:24]} Nc6 {[%clk 1:17:41]} 8.
Bb2 {[%clk 1:17:44]} a6 {[%clk 1:03:46]} 9. Be2 {[%clk 1:10:30]} dxc4 {[%clk
1:02:59]} 10. bxc4 {[%clk 1:06:17]} Qc7 {[%clk 0:52:51]} 11. O-O {[%clk
1:01:28]} Rd8 {[%clk 0:52:17]} 12. Qd2 {[%clk 0:48:05]} e5 {[%clk 0:48:36]} 13.
d5 {[%clk 0:39:54]} Be7 {[%clk 0:45:24]} 14. Qc1 {[%clk 0:35:02]} Na5 {[%clk
0:41:27]} 15. Nd2 {[%clk 0:30:30]} O-O {[%clk 0:40:08]} 16. f3 {[%clk 0:25:16]}
Rb8 {[%clk 0:34:39]} 17. e4 {[%clk 0:22:25]} Bd7 {[%clk 0:33:58]} 18. a4 {[%clk
0:21:14]} Nh5 {[%clk 0:32:05]} 19. Rd1 {[%clk 0:15:37]} Bg5 {[%clk 0:30:26]}
20. Qc2 {[%clk 0:14:02]} Be3+ {[%clk 0:29:36]} 21. Kh1 {[%clk 0:13:44]} Nf4
{[%clk 0:27:47]} 22. Bf1 {[%clk 0:11:09]} Qb6 {[%clk 0:26:21]} 23. Rab1 {[%clk
0:08:12]} Qg6 {[%clk 0:26:30]} 24. Ne2 {[%clk 0:06:25]} f5 {[%clk 0:19:59]} 25.
Bxe5 {[%clk 0:05:04]} Nxe2 {[%clk 0:19:01]} 26. Bxe2 {[%clk 0:04:40]} Rbc8
{[%clk 0:18:12]} 27. Bb2 {[%clk 0:04:29]} Qh6 {[%clk 0:16:36]} 28. Bf1 {[%clk
0:03:55]} fxe4 {[%clk 0:15:25]} 29. Nxe4 {[%clk 0:04:01]} Bf5 {[%clk 0:14:25]}
30. Re1 {[%clk 0:04:18]} Rce8 {[%clk 0:12:04]} 31. Bc1 {[%clk 0:03:17]} Bxe4
{[%clk 0:11:20]} 32. fxe4 {[%clk 0:03:30]} Bxc1 {[%clk 0:09:30]} 33. Rbxc1
{[%clk 0:03:58]} Qf4 {[%clk 0:09:29]} 34. Kg1 {[%clk 0:03:40]} Rf6 {[%clk
0:09:00]} 35. Qe2 {[%clk 0:02:34]} Rh6 {[%clk 0:07:27]} 36. h3 {[%clk 0:02:22]}
Qg5 {[%clk 0:06:42]} 37. Qe3 {[%clk 0:01:52]} Qe5 {[%clk 0:05:59]} 38. Qc3
{[%clk 0:01:28]} Qc7 {[%clk 0:05:14]} 39. e5 {[%clk 0:01:55]} b6 {[%clk
0:04:37]} 40. e6 {[%clk 0:01:39]} Rf6 {[%clk 0:03:42]} 41. Rcd1 {[%clk
0:28:35]} Nb7 {[%clk 0:33:11]} 42. Qe5 {[%clk 0:25:49]} Qc8 {[%clk 0:30:46]}
43. Rb1 {[%clk 0:24:31]} Qd8 {[%clk 0:29:23]} 44. e7 {[%clk 0:23:05]} Qd7
{[%clk 0:27:46]} 45. Rbd1 {[%clk 0:22:05]} Rd6 {[%clk 0:24:37]} 46. Ra1 {[%clk
0:19:42]} Rf6 {[%clk 0:24:36]} 47. Rad1 {[%clk 0:18:21]} Rd6 {[%clk 0:24:51]}
48. Ra1 {[%clk 0:15:21]} Rf6 {[%clk 0:25:14]} 49. Bd3 {[%clk 0:10:00]} a5
{[%clk 0:22:40]} 50. Bc2 {[%clk 0:10:00]} Nd6 {[%clk 0:21:46]} 51. Bd3 {[%clk
0:10:11]} Nf7 {[%clk 0:20:52]} 52. Qe4 {[%clk 0:10:00]} Rg6 {[%clk 0:20:41]}
53. Qe2 {[%clk 0:09:38]} Rf6 {[%clk 0:19:36]} 54. Qe4 {[%clk 0:08:16]} Rg6
{[%clk 0:18:45]} 55. Qe2 {[%clk 0:08:36]} Rf6 {[%clk 0:18:55]} 56. Qh5 {[%clk
0:08:32]} Rh6 {[%clk 0:18:35]} 57. Bf5 {[%clk 0:08:22]} Qd6 {[%clk 0:17:09]}
58. Qe2 {[%clk 0:08:33]} Rf6 {[%clk 0:16:52]} 59. Bg4 {[%clk 0:08:55]} Nh6
{[%clk 0:16:12]} 60. Rad1 {[%clk 0:07:20]} Nxg4 {[%clk 0:16:10]} 61. Qxg4
{[%clk 0:07:37]} 1/2-1/2

[Event "DVM U14w 2016"]
[Site "Düsseldorf GER"]
[Date "2016.12.28"]
[Round "3"]
[White "Schneider, Anna"]
[Black "Zhou, Lepu Coco"]
[Result "0-1"]
[Termination "normal"]
[Board "2.4"]
[WhiteElo "1381"]
[BlackElo "1645"]
[WhiteClock "00:52:25"]
[BlackClock "01:27:03"]
[WhiteTeam "SF Sasbach"]
[BlackTeam "Schachpinguine Berlin"]
[PlyCount "110"]
[WhiteFideId "16200527"]
[BlackFideId "16217136"]
[EventCountry "GER"]
[EventRounds "7"]
[EventType "team-swiss"]
[EventDate "2016.12.26"]

1. e4 {[%clk 1:30:58]} e5 2. Nf3 {[%clk 1:31:20]} Nc6 {[%clk 1:31:22]} 3. d4
{[%clk 1:31:41]} exd4 {[%clk 1:31:47]} 4. Bc4 {[%clk 1:31:59]} Nf6 {[%clk
1:32:09]} 5. e5 {[%clk 1:32:20]} d5 {[%clk 1:32:33]} 6. Bb5 {[%clk 1:32:39]}
Ne4 {[%clk 1:32:57]} 7. Nxd4 {[%clk 1:32:50]} Bd7 {[%clk 1:33:17]} 8. Bxc6
{[%clk 1:33:03]} bxc6 {[%clk 1:33:38]} 9. O-O {[%clk 1:33:13]} Bc5 {[%clk
1:34:04]} 10. f3 {[%clk 1:33:23]} Ng5 {[%clk 1:34:08]} 11. f4 {[%clk 1:33:34]}
Ne6 {[%clk 1:34:11]} 12. Be3 {[%clk 1:32:40]} Bb6 {[%clk 1:32:51]} 13. f5
{[%clk 1:31:28]} Nxd4 {[%clk 1:32:24]} 14. Bxd4 {[%clk 1:31:36]} c5 {[%clk
1:32:19]} 15. Be3 {[%clk 1:28:52]} d4 {[%clk 1:31:22]} 16. Bg5 {[%clk 1:27:08]}
Qxg5 {[%clk 1:30:41]} 17. Qf3 {[%clk 1:23:55]} Qe3+ {[%clk 1:30:48]} 18. Qxe3
{[%clk 1:23:12]} dxe3 {[%clk 1:31:11]} 19. Nc3 {[%clk 1:23:16]} c4 {[%clk
1:31:16]} 20. Kh1 {[%clk 1:23:02]} O-O-O {[%clk 1:29:55]} 21. Rae1 {[%clk
1:22:32]} Bc6 {[%clk 1:29:31]} 22. e6 {[%clk 1:16:21]} Rd2 {[%clk 1:28:11]} 23.
f6 {[%clk 1:13:54]} Rxg2 {[%clk 1:27:02]} 24. h3 {[%clk 1:09:53]} Rd2+ {[%clk
1:26:11]} 25. Kg1 {[%clk 1:09:52]} e2+ {[%clk 1:24:41]} 26. Rf2 {[%clk
1:08:34]} fxe6 {[%clk 1:23:28]} 27. Rexe2 {[%clk 0:59:46]} Bxf2+ {[%clk
1:23:36]} 28. Kxf2 {[%clk 0:59:22]} Rxe2+ {[%clk 1:23:53]} 29. Kxe2 {[%clk
0:59:37]} gxf6 {[%clk 1:24:13]} 30. Ke3 {[%clk 0:59:33]} Rg8 {[%clk 1:24:40]}
31. a4 {[%clk 0:59:19]} Rg3+ {[%clk 1:24:57]} 32. Kd4 {[%clk 0:59:13]} e5+
{[%clk 1:24:45]} 33. Kxc4 {[%clk 0:57:53]} Kd7 {[%clk 1:24:57]} 34. a5 {[%clk
0:57:29]} Rxh3 {[%clk 1:25:04]} 35. b4 {[%clk 0:57:28]} h5 {[%clk 1:25:08]} 36.
b5 {[%clk 0:57:38]} Rxc3+ {[%clk 1:25:11]} 37. Kxc3 {[%clk 0:57:50]} Bxb5
{[%clk 1:25:20]} 38. Kd2 {[%clk 0:57:19]} Kd6 {[%clk 1:25:27]} 39. Ke3 {[%clk
0:56:53]} Kd5 {[%clk 1:25:48]} 40. Kf3 {[%clk 0:56:58]} Kd4 {[%clk 1:25:50]}
41. Kg3 {[%clk 0:55:27]} Ke3 {[%clk 1:26:09]} 42. Kg2 {[%clk 0:54:38]} e4
{[%clk 1:26:17]} 43. c4 {[%clk 0:53:40]} Bxc4 {[%clk 1:26:33]} 44. Kg3 {[%clk
0:53:37]} Kd2 {[%clk 1:26:45]} 45. Kh4 {[%clk 0:51:53]} e3 {[%clk 1:27:03]} 46.
Kxh5 {[%clk 0:52:09]} e2 {[%clk 1:27:18]} 47. Kg6 {[%clk 0:52:24]} e1=Q {[%clk
1:27:34]} 48. Kxf6 {[%clk 0:52:37]} Qe6+ {[%clk 1:27:24]} 49. Kg5 {[%clk
0:52:43]} Qf7 {[%clk 1:27:15]} 50. a6 {[%clk 0:52:28]} Qf3 {[%clk 1:27:08]} 51.
Kg6 {[%clk 0:52:29]} Qf4 {[%clk 1:26:57]} 52. Kg7 {[%clk 0:52:12]} Qf5 {[%clk
1:27:03]} 53. Kh6 {[%clk 0:52:10]} Qg4 {[%clk 1:26:45]} 54. Kh7 {[%clk
0:52:17]} Qg5 {[%clk 1:27:03]} 55. Kh8 {[%clk 0:52:25]} Qh6# 0-1

[Event "DVM U14w 2016"]
[Site "Düsseldorf GER"]
[Date "2016.12.28"]
[Round "3"]
[White "Weimert, Miriam"]
[Black "Rudolph, Eva"]
[Result "1-0"]
[Termination "normal"]
[Board "3.1"]
[WhiteElo "1744"]
[BlackElo "1655"]
[WhiteTeam "SG Leipzig"]
[BlackTeam "Düsseldorfer SK"]
[PlyCount "101"]
[WhiteFideId "12966703"]
[BlackFideId "16200594"]
[EventCountry "GER"]
[EventRounds "7"]
[EventType "team-swiss"]
[EventDate "2016.12.26"]

1. c4 e5 2. Nc3 Nc6 3. Nf3 f5 4. g3 Nf6 5. d3 Bb4 6. Bg2 O-O 7. O-O Bxc3 8.
bxc3 d6 9. d4 Qe8 10. d5 Na5 11. c5 dxc5 12. d6 e4 13. Ne1 Qd7 14. Bf4 Rd8 15.
Qc2 cxd6 16. Rd1 d5 17. Qc1 b6 18. Nc2 Ba6 19. Rfe1 Qa4 20. a3 d4 21. cxd4 cxd4
22. Qb2 Nc6 23. Bh3 Rd5 24. Bg5 Nd7 25. Ne3 Rb5 26. Qa2+ Qb3 27. Qxb3+ Rxb3 28.
Nxf5 Nc5 29. Nxd4 Nxd4 30. Rxd4 Rxa3 31. Be7 Rc3 32. Bxc5 Rxc5 33. Rxe4 Rc7 34.
Rd4 b5 35. Red1 Rb8 36. Be6+ Kf8 37. Rd7 Rxd7 38. Rxd7 Bb7 39. Rf7+ Ke8 40.
Rxg7 Kd8 41. Rd7+ Ke8 42. Rxh7 Kd8 43. h4 b4 44. Rh8+ Kc7 45. Rxb8 Kxb8 46. Kf1
a5 47. Ke1 a4 48. Kd2 Be4 49. f3 Bg6 50. e4 b3 51. Ke3 1-0

[Event "DVM U14w 2016"]
[Site "Düsseldorf GER"]
[Date "2016.12.28"]
[Round "3"]
[White "Oswald, Hannah"]
[Black "Kogan, Dina Rachel"]
[Result "1-0"]
[Termination "normal"]
[Board "3.3"]
[WhiteElo "1498"]
[BlackElo "1256"]
[WhiteTeam "SG Leipzig"]
[BlackTeam "Düsseldorfer SK"]
[PlyCount "84"]
[WhiteFideId "16214960"]
[BlackFideId "16200608"]
[EventCountry "GER"]
[EventRounds "7"]
[EventType "team-swiss"]
[EventDate "2016.12.26"]

1. e4 d5 2. exd5 Qxd5 3. Nc3 Qd6 4. d4 Nf6 5. Nf3 a6 6. Bc4 e6 7. Qe2 Be7 8.
Bg5 O-O 9. O-O-O Nbd7 10. Rhg1 b5 11. Bd3 Bb7 12. h3 Rfe8 13. g4 c5 14. dxc5
Qxc5 15. h4 Bxf3 16. Qxf3 Ne5 17. Qg3 Nexg4 18. Bxf6 Bxf6 19. Qxg4 Qxf2 20. h5
Qh4 21. Qf3 Bg5+ 22. Kb1 Qf4 23. Qg2 f6 24. Ne4 Bh6 25. Rdf1 Qe5 26. Nxf6+ Kh8
27. Nxe8 Rxe8 28. Bxh7 Rd8 29. Bd3 Qxh5 30. Rh1 Qe8 31. Qg6 Qxg6 32. Bxg6 Kg8
33. Bf7+ Kh8 34. Bxe6 Kh7 35. Rd1 Rf8 36. a3 Re8 37. Rd6 a5 38. Bd7 Rg8 39.
Bxb5 Rf8 40. Bc4 a4 41. Ra6 Rh8 42. Bd3+ Kg8 1-0

[Event "DVM U14w 2016"]
[Site "Düsseldorf GER"]
[Date "2016.12.28"]
[Round "3"]
[White "Paulweber, Lara Maria"]
[Black "Fege, Astrid"]
[Result "1-0"]
[Termination "normal"]
[Board "3.4"]
[WhiteElo "1389"]
[BlackElo "1330"]
[WhiteTeam "Düsseldorfer SK"]
[BlackTeam "SG Leipzig"]
[PlyCount "35"]
[WhiteFideId "12954411"]
[BlackFideId "16217152"]
[EventCountry "GER"]
[EventRounds "7"]
[EventType "team-swiss"]
[EventDate "2016.12.26"]

1. e4 c5 2. Nc3 d6 3. f4 Nf6 4. Nf3 g6 5. Bc4 Bg7 6. d3 O-O 7. O-O Nc6 8. Qe1
b6 9. f5 Na5 10. Qh4 Nxc4 11. dxc4 gxf5 12. Bh6 fxe4 13. Ng5 Bf5 14. Rxf5 e6
15. Bxg7 exf5 16. Bxf6 h5 17. Qxh5 Qxf6 18. Qh7# 1-0